000
00329nam a22001457a 4500
003
SGT
082
_a
641.2
_b
R07M
100
_a
MILL, ROBERT CHRISTIE
245
_a
RESTAURANT MANAGEMENT
250
_a
3RD
260
_a
NEW DELHI
_b
PEARSON EDUCATION INDIA
_c
2007
300
_a
463
650
_a
HOTEL MANAGEMENT
942
_2
ddc
_c
BK
999
_c
12853
_d
12853